Presidents of the A.O.C. - Statistics

General Stats
  • This quiz has been taken 74 times
  • The average score is 3 of 16
Answer Stats
Time Served Answer % Correct
May 24, 1775 - October 29, 1777 John Hancock
75%
November 23, 1785 - June 5, 1786 John Hancock
75%
December 10, 1778 - September 28, 1779 John Jay
58%
November 30, 1784 - November 4, 1785 Richard Henry Lee
26%
November 5, 1781 - November 4, 1782 John Hanson
14%
July 10, 1781 - November 5, 1781 Thomas McKean
13%
February 2, 1787 - November 4, 1787 Arthur St. Clair
10%
January 22, 1788 - November 2, 1788 Cyrus Griffin
10%
September 5, 1774 - October 22, 1774 Peyton Randolph
10%
May 10, 1775 - May 24, 1775 Peyton Randolph
10%
September 28, 1779 - July 10, 1781 Samuel Huntington
10%
November 3, 1783 - June 3, 1784 Thomas Mifflin
10%
November 4, 1782 - November 3, 1783 Elias Boudinot
8%
November 1, 1777 - December 9, 1778 Henry Laurens
7%
October 22, 1774 - October 26, 1774 Henry Middleton
7%
June 6, 1786 - February 2, 1787 Nathaniel Gorman
7%
No matching quizzes found
Score Distribution
Percent of People with Each Score
Percentile by Number Answered
Your Score History
You have not taken this quiz